| 000 | 00699nab a2200265 a 4500 | ||
|---|---|---|---|
| 001 | 58942 | ||
| 003 | 130666 | ||
| 005 | 20201118105557.0 | ||
| 008 | ||||||n9999 ||| || || | ||
| 041 | _aspa | ||
| 100 | _aArias Calderon, Ricardo | ||
| 245 | 0 | _aReafirmacion de la autoridad civil sobre los militares | |
| 260 |
_aBogotá : _bTierra Firme, _c1987. |
||
| 300 | _app.43-50 | ||
| 562 | _e0 | ||
| 650 | _aAMÉRICA LATINA | ||
| 650 | _aANALISIS POLITICO | ||
| 650 | _aDEMOCRATIZACIÓN | ||
| 650 | _aDESARROLLO POLÍTICO | ||
| 650 | _aMILITARISMO | ||
| 650 | _aPOLÍTICA MILITAR | ||
| 650 | _aSISTEMA DE GOBIERNO | ||
| 773 |
_058694 _aCiencia Política - No.8 |
||
| 942 | _cSART | ||
| 999 |
_c58942 _d58942 |
||